[Event "Ghent op 27th"]
[Site "Ghent"]
[Date "2004.07.17"]
[Round "1"]
[White "Lapre, Victor"]
[Black "Werbeck, Torsten"]
[Result "1/2-1/2"]
[WhiteElo "1800"]
[BlackElo "2226"]
[PlyCount "62"]
[EventDate "2004.07.17"]
[EventType "swiss"]
[EventRounds "9"]
[EventCountry "BEL"]
[SourceTitle "EXT 2006"]
[Source "ChessBase"]
[SourceDate "2005.11.24"]
[SourceVersion "1"]
[SourceVersionDate "2005.11.24"]
[SourceQuality "1"]

1. e4 g6 2. Nf3 Bg7 3. c3 d6 4. d4 Nc6 5. Bc4 Nf6 6. Nbd2 0-0 7. 0-0 e5 8. Re1 Nh5 9. Nf1 Bg4 10. d5 Ne7 11. Be2 h6 12. h3 Bd7 13. N3h2 Nf4 14. Bxf4 exf4 15. Qd2 g5 16. Bg4 Ng6 17. Bxd7 Qxd7 18. Qe2 Rae8 19. Nd2 Re7 20. a4 c6 21. dxc6 bxc6 22. Rad1 Qb7 23. Nc4 d5 24. Nd6 Qc7 25. Nf5 Rxe4 26. Qh5 Qe5 27. Nxh6+ Bxh6 28. Rxe4 Qxe4 29. Qxh6 f6 30. Nf3 Ne5 31. Nxe5 Qxe5 1/2-1/2